| 000 | 01196nam a2200325 a 4500 | ||
|---|---|---|---|
| 003 | MX-MxUPN | ||
| 005 | 20260328064229.0 | ||
| 007 | cr |||aaaaaaa| | ||
| 008 | 260326s2024 ck|db|||o ||| 000 0 spa d | ||
| 035 | _a9786287651944 | ||
| 040 |
_aMX-MxUPN _bspa _eaacr2 |
||
| 041 | 0 | _aspa | |
| 050 | 1 | 4 | _aLB1719.C |
| 100 | 1 |
_aArias Gómez, Diego Hernán _959050 |
|
| 100 | 1 |
_aDíaz Flórez, Olga Cecilia _958939 |
|
| 100 | 1 |
_aGarzón Barragán, Isabel _944988 |
|
| 100 | 1 |
_aLeón Palencia, Ana Cristina _959051 |
|
| 100 | 1 |
_aRodríguez Ávila, Sandra Patricia _959052 |
|
| 100 | 1 |
_aValbuena Ussa, Édgar Orlay _959053 |
|
| 245 | 1 | 0 |
_aEntre las exigencias de calidad y las condiciones de desigualdad : _bformación inicial de profesores en Colombia _h[recurso electrónico en línea] |
| 250 | _aSegunda edición revisada | ||
| 260 |
_aBogotá, Colombia : _bUniversidad Pedagógica Nacional, _c2024 |
||
| 300 | _a1 recurso en línea (438 páginas) | ||
| 506 | 0 | _aAcceso abierto | |
| 650 | 4 |
_aFormación docente _zColombia _959189 |
|
| 650 | 4 |
_aFormación docente _955770 |
|
| 856 | 4 | 0 | _uhttp://hdl.handle.net/20.500.12209/20842 |
| 902 | _aJohanaAllegre/260326 | ||
| 942 |
_2lcc _cLIBRO-E |
||
| 999 |
_c214889 _d214889 |
||